States That Beat Hawaii - Statistics

General Stats
  • This quiz has been taken 34,355 times
    34,340 since last reset
  • The average score is 10 of 14
Answer Stats
Rank Category Answer % Correct
8 Smallest by area Rhode Island | Delaware | Connecticut | New Jersey | New Hampshire | Vermont | Massachusetts
99%
6 Highest % of immigrants (2023) California | New Jersey | New York | Florida | Nevada | Massachusetts | Texas
94%
8 Oldest national park Wyoming | California | Washington | Oregon | South Dakota | Colorado | Montana
93%
7 Most international tourists (2023) New York | Florida | California | Nevada | Texas | Illinois
91%
2 Closest to Japan Alaska
90%
4 Volcano with the highest elevation Alaska | Washington | California
88%
7 Lowest percent African-American population (2020) Montana | Idaho | Wyoming | Utah | Vermont | New Hampshire
86%
2 Highest population living on islands New York
71%
5 Fewest traffic deaths per capita (2022) Rhode Island | New York | Massachusetts | New Jersey | Minnesota
67%
2 Most unsheltered homeless people per capita California
64%
7 Lowest income inequality (2019) Utah | Idaho | Wyoming | South Dakota | Alaska | Wisconsin
56%
2 Most taxes collected as a share of personal income New York
49%
4 Highest median household income (2022) New Jersey | Maryland | Massachusetts
44%
2 Lowest obesity rate (CDC, 2023) Colorado
29%
No matching quizzes found
Score Distribution
Percent of People with Each Score
Percentile by Number Answered
Your Score History
You have not taken this quiz since the last reset